Introduction to Digital signal Processing (Record no. 16820)
[ view plain ]
| 000 -LEADER | |
|---|---|
| fixed length control field | 00411nam a2200169Ia 4500 |
| 003 - CONTROL NUMBER IDENTIFIER | |
| control field | OSt |
| 005 - DATE AND TIME OF LATEST TRANSACTION | |
| control field | 20240212103352.0 |
| 008 - FIXED-LENGTH DATA ELEMENTS--GENERAL INFORMATION | |
| fixed length control field | 170619s9999 xx 000 0 und d |
| 020 ## - INTERNATIONAL STANDARD BOOK NUMBER | |
| International Standard Book Number | 9788120307605 |
| 040 ## - CATALOGING SOURCE | |
| Transcribing agency | IIMT ENGINEERING COOLLEGE |
| 100 ## - MAIN ENTRY--PERSONAL NAME | |
| Personal name | Harigopal K |
| 245 #0 - TITLE STATEMENT | |
| Title | Introduction to Digital signal Processing |
| 260 ## - PUBLICATION, DISTRIBUTION, ETC. | |
| Name of publisher, distributor, etc. | New Delhi: PHI |
| 260 ## - PUBLICATION, DISTRIBUTION, ETC. | |
| Date of publication, distribution, etc. | 2002 |
| 546 ## - LANGUAGE NOTE | |
| Language note | ENGLISH |
| 942 ## - ADDED ENTRY ELEMENTS (KOHA) | |
| Source of classification or shelving scheme | |
| Koha item type | Text-Book- for 7 days |
| Withdrawn status | Lost status | Source of classification or shelving scheme | Damaged status | Not for loan | Home library | Current library | Date acquired | Source of acquisition | Barcode | Date last seen | Uniform Resource Identifier | Price effective from | Koha item type |
|---|---|---|---|---|---|---|---|---|---|---|---|---|---|
| IIMT Engineering College-BTech | IIMT Engineering College-BTech | 01/14/2005 | 1 | 06-B-5747 | 07/03/2017 | EC / EN | 07/03/2017 | Text-Book- for 7 days | |||||
| IIMT Engineering College-BTech | IIMT Engineering College-BTech | 01/14/2005 | 1 | 06-B-5748 | 07/03/2017 | EC / EN | 07/03/2017 | Text-Book- for 7 days | |||||
| IIMT Engineering College-BTech | IIMT Engineering College-BTech | 01/14/2005 | 1 | 06-B-5749 | 07/03/2017 | EC / EN | 07/03/2017 | Text-Book- for 7 days | |||||
| IIMT Engineering College-BTech | IIMT Engineering College-BTech | 01/14/2005 | 1 | 06-B-5750 | 07/03/2017 | EC / EN | 07/03/2017 | Text-Book- for 7 days | |||||
| IIMT Engineering College-BTech | IIMT Engineering College-BTech | 01/14/2005 | 1 | 06-B-5751 | 07/03/2017 | EC / EN | 07/03/2017 | Text-Book- for 7 days | |||||
| IIMT Engineering College-BTech | IIMT Engineering College-BTech | 01/14/2005 | 1 | 06-B-5752 | 07/03/2017 | EC / EN | 07/03/2017 | Text-Book- for 7 days | |||||
| IIMT Engineering College-BTech | IIMT Engineering College-BTech | 01/14/2005 | 1 | 06-B-5753 | 07/03/2017 | EC / EN | 07/03/2017 | Text-Book- for 7 days | |||||
| IIMT Engineering College-BTech | IIMT Engineering College-BTech | 01/14/2005 | 1 | 06-B-5754 | 07/03/2017 | EC / EN | 07/03/2017 | Book Bank | |||||
| IIMT Engineering College-BTech | IIMT Engineering College-BTech | 01/14/2005 | 1 | 06-B-5755 | 07/03/2017 | EC / EN | 07/03/2017 | Text-Book- for 7 days | |||||
| IIMT Engineering College-BTech | IIMT Engineering College-BTech | 01/14/2005 | 1 | 06-B-5756 | 07/03/2017 | EC / EN | 07/03/2017 | Text-Book- for 7 days | |||||
| IIMT Engineering College-BTech | IIMT Engineering College-BTech | 01/14/2005 | 1 | 06-B-5757 | 07/03/2017 | EC / EN | 07/03/2017 | Text-Book- for 7 days | |||||
| IIMT Engineering College-BTech | IIMT Engineering College-BTech | 01/14/2005 | 1 | 06-B-5758 | 07/03/2017 | EC / EN | 07/03/2017 | Text-Book- for 7 days | |||||
| IIMT Engineering College-BTech | IIMT Engineering College-BTech | 01/14/2005 | 1 | 06-B-5759 | 07/03/2017 | EC / EN | 07/03/2017 | Text-Book- for 7 days |

